• 首页
  • 本馆介绍
  • 公告通知
  • 最新文献
  • 馆藏检索
  • 电子资源
  • 读者导购
  • 参考咨询
  • 我的图书馆
  • 登录
  • 详细信息显示
  • 放入我的书架
  • 预约/预借图书
  • 作者相关作品
  • 分类相关作品
  • 丛书相关作品
  • 出版社相关作品

书目信息

  • 表格格式
  • 工作单格式
  • 卡片格式
题名:
翻译适应选择论
    
 
作者: 胡庚申 著
分册:  
出版信息: 武汉   湖北教育出版社  2004
页数: 242页
开本: 20cm
丛书名: 中华翻译研究丛书
单 册:
中图分类: H059
科图分类:
主题词: 翻译
电子资源:
ISBN: 7-5351-3878-0
000 00847oam2 2200241 450
001 070027644560
005 20051014081801.10
010    @a7-5351-3878-0@b精装@dCNY28.90
100    @a20050112d2004 ekmy0chiy0120 ea
101 0  @achi
102    @aCN@b420000
105    @aa z 000yy
200 1  @a翻译适应选择论@9fan yi shi ying xuan ze lun@f胡庚申著@Fhu geng shen zhu
210    @a武汉@c湖北教育出版社@d2004
215    @a242页@c照片@d20cm
225 2  @a中华翻译研究丛书@h第二辑@v7
330    @a本书探讨“翻译生态环境”中译者适应与译者选择行为的相互关系、相关机理、基本特征和规律,从“适应”与“选择”的视角对反映的本质、过程、标准、原则和方法等作出新的描述和解释。
461  0 @12001 @a中华翻译研究丛书
606 0  @a翻译
690    @aH059@v4
701  0 @a胡庚申@Ahu geng shen@4著
801  0 @aCN@bTSSF@c20051014
905    @a10447@dH059@e100
    
    翻译适应选择论/胡庚申著.-武汉:湖北教育出版社,2004
    242页:照片;20cm.-(中华翻译研究丛书.第二辑;7)
    
    
    ISBN 7-5351-3878-0(精装):CNY28.90
    本书探讨“翻译生态环境”中译者适应与译者选择行为的相互关系、相关机理、基本特征和规律,从“适应”与“选择”的视角对反映的本质、过程、标准、原则和方法等作出新的描述和解释。
●
相关链接 在E读中查询图书 在五车中查询图书 在当当中查询图书 在豆瓣中查询图书


正题名:翻译适应选择论     索取号:H059/100         预约/预借

序号 登录号 条形码 馆藏地/架位号 状态 备注
1 0366125   3661255   第二样本阅览室/ [索取号:H059/100] 在馆    
2 0366126   3661264   第四借阅区/ [索取号:H059/100] 在馆    
3 0366127   3661273   第四借阅区/ [索取号:H059/100] 在馆    
4 0366128   3661282   第四借阅区/ [索取号:H059/100] 在馆    
5 0366129   3661291   第四借阅区/ [索取号:H059/100] 在馆    
唐山师范学院图书馆 欢迎您!
大连网信软件有限公司© 版权所有